000
00266nam a22001097a 4500
008
140102t xxu||||| |||| 00| 0 eng d
020
_a
978-81-261-3276-8
100
_a
P.R. Gilbert
_9
482
245
_a
Bio Engineering and self-Assembly
300
_a
340
942
_2
ddc
_c
BK
999
_c
16754
_d
16754